000 00780nam a22002537i 4500
003 DO-SdBNP
005 20230526105100.0
007 ta
008 230413b2013 dr ||||| |||| 00| 0 spa d
020 _a9789945453287
040 _aDO-SdBNP
_bspa
_cBNPHU
_erda
082 4 _222
245 1 0 _aAdministrando mi vida /
_cGil Germán ; prólogo Miguel Sang Ben
264 _aSanto Domingo :
_bEditora Somos Literatura,
_c2013.
300 _a71 páginas
_bilustraciones,
_c21 cm.
336 _2rdacontent
_atexto
_btxt
337 _2rdamedia
_asin mediación
_bn
338 _2rdacarrier
_avolumen
_bnc
504 _aBibliografía : p. 71
590 _aInventariado, 2023 /LP
700 1 _aSang Ben, Miguel,
_d1948-
_eprólogo
_983227
910 _aLopérez
942 _2ddc
_cLBS1
999 _c53237
_d53237